Datum a čas kvízu
29
Celkem bodů
Celkový počet nahraných bodů na tomto kvízu bez doplňovacích otázek.
8.
Pořadí na kvízu
Konečné umístění týmu na tomto kvízu.
Zaznamenané odpovědi
| # | Otázka | Odpověď | Body | Výsledky |
|---|---|---|---|---|
| 1. | Senát nominoval rekordních 125... | Jan Kubiš, Adolf Opálka | 0.5 | |
| 2. | Předsednictví v Radě Evropské... | Maďarsko | 1 | |
| 3. | V úterý měla na letní scéně pr... | Miloš Forman | 0 | |
| 4. | Do mobilní aplikace Portál obč... | DROZD | 1 | |
| 5. | Naše talentovaná 24letá reprez... | plavání | 1 | |
| 6. | Jak se nazývá specializované o... | A | 1 | |
| 7. | Jak se jmenuje ovoce na obrázk... | papája | 1 | |
| 8. | Nyní nás bude zajímat čínský a... | kiwi | 0 | |
| 9. | Vypište z následující řady dva... | jackfruit, rambutan | 1 | |
| 10. | Níže jsou názvy tří odrůd jabl... | C | 1 |